Statistiken für Mittelmeerländer mit einer leeren Karte

Klicken Sie hier um das Quiz zu spielen!

Allgemein

  • Dieses Quiz wurde 33.187 mal gespielt
  • Das Durchschnittsergebnis liegt bei 19 aus 21

Antworten auf der Karte

Die Antworten werden auf der Karte rot bzw. grün angezeigt, abhängig davon wie oft sie richtig erraten wurden.
 

Antwortstatistiken

Land% Korrekt
Italien
100%
Frankreich
99%
Griechenland
99%
Spanien
99%
Kroatien
98%
Türkei
98%
Ägypten
97%
Marokko
95%
Zypern
95%
Albanien
94%
Algerien
92%
Bosnien und Herzegowina
92%
Tunesien
91%
Israel
88%
Libyen
85%
Montenegro
85%
Syrien
82%
Malta
80%
Slowenien
80%
Libanon
77%
Monaco
72%

Verteilung der Resultate

Perzentil nach korrekt beantworteten Fragen

Anzahl Personen mit jedem Resultat

Ihre Resultats-Entwicklung

Sie haben dieses Quiz noch nicht gespielt